Holenderscy kierowcy Formuły 1 (2000-teraz) - Statystyki

Ogólne statystyki
  • Ten quiz został rozwiązany 17 razy
  • Średni wynik to 3 z 6
Statystyki odpowiedzi
Kierowca % Poprawnych
Jos Verstappen
100%
Max Verstappen
100%
Nyck de Vries
33%
Christijan Albers
27%
Robert Doornbos
27%
Giedo van der Garde
13%
Nie znaleziono quizów pasujących do podanych kryteriów
Rozkład punktacji
Procent ludzi z każdym wynikiem
Percentyl według liczby udzielonych odpowiedzi
Twoja historia wyników
Nie rozwiązałeś tego quizu